| 000 | 00700nam a22001817a 4500 | ||
|---|---|---|---|
| 008 | 170811b xxu||||| |||| 00| 0 eng d | ||
| 082 |
_22016 _aUT 0830 _bAn87 |
||
| 100 |
_921916 _aAntipolo, Princess B. |
||
| 245 |
_aJMP & MK Taxi/ _cPrincess B. Antipolo, Maricho A. Alqatami, Kristine L. Palmero, Michael P. Renoy and Jovelyn Quindao. |
||
| 260 |
_aDigos City: _bUMDC _cOctober 2016 |
||
| 300 |
_a39 pages; _c29 cm. |
||
| 650 | 0 |
_921920 _aBusiness Administration _vHuman Resource Management _xUndergraduate thesis. |
|
| 700 |
_921921 _aAlqatami, Maricho A. |
||
| 700 |
_921922 _aPalmero, Kristine L. |
||
| 700 |
_921923 _aRenoy, Michael P. |
||
| 700 |
_921924 _aQuindao, Jovelyn. |
||
| 942 |
_2ddc _cUT |
||
| 999 |
_c7239 _d7239 |
||